000
00234 a2200097 4500
001
54968
100
_a
Albanesc Jason
245
_a
Network security illustrated
260
_a
NY
_b
McGraw-Hill, NY
_c
2004
090
_c
34059
_d
34059
942
_a
NUST-CAE
_c
MONOGRAPH
_c
26735
999
_c
290041
_d
290041